Tribhuvan University Central Library

Government finance economics of the public sector (Record no. 60430)

MARC details
000 -LEADER
fixed length control field 00666 a2200241 4500
020 ## - INTERNATIONAL STANDARD BOOK NUMBER
International Standard Book Number 0 256-01399-3
041 ## - LANGUAGE CODE
Language code of text/sound track or separate title Eng
082 ## - DEWEY DECIMAL CLASSIFICATION NUMBER
Classification number 336
Item number D868g
100 ## - MAIN ENTRY--PERSONAL NAME
Personal name Due, John F.
9 (RLIN) 22099
100 ## - MAIN ENTRY--PERSONAL NAME
Personal name Friedlaender, Ann F.
9 (RLIN) 22100
245 ## - TITLE STATEMENT
Title Government finance economics of the public sector
250 ## - EDITION STATEMENT
Edition statement 6th ed
260 ## - PUBLICATION, DISTRIBUTION, ETC.
Place of publication, distribution, etc. Homewood
Name of publisher, distributor, etc. Illnois Richard D Irwin
Date of publication, distribution, etc. 1977
300 ## - PHYSICAL DESCRIPTION
Extent xvill, 656p. illus.
504 ## - BIBLIOGRAPHY, ETC. NOTE
Bibliography, etc. note Includes bibliography
650 ## - SUBJECT ADDED ENTRY--TOPICAL TERM
Topical term or geographic name entry element Dicision making
9 (RLIN) 16752
650 ## - SUBJECT ADDED ENTRY--TOPICAL TERM
Topical term or geographic name entry element Sales tax
9 (RLIN) 4792
650 ## - SUBJECT ADDED ENTRY--TOPICAL TERM
Topical term or geographic name entry element Income tax
9 (RLIN) 5103
650 ## - SUBJECT ADDED ENTRY--TOPICAL TERM
Topical term or geographic name entry element Fiscal policy
9 (RLIN) 3319
653 ## - INDEX TERM--UNCONTROLLED
Uncontrolled term Public finance
942 ## - ADDED ENTRY ELEMENTS (KOHA)
Source of classification or shelving scheme Dewey Decimal Classification
Koha item type General Collections
518 ## - DATE/TIME AND PLACE OF AN EVENT NOTE
-- 2068-1-15
Holdings
Withdrawn status Lost status Source of classification or shelving scheme Damaged status Not for loan Home library Current library Date acquired Total Checkouts Full call number Barcode Date last seen Date last checked out Price effective from Koha item type
    Dewey Decimal Classification     Tribhuvan University Central Library Tribhuvan University Central Library 08/10/2011 1 336 D868g 63796 08/26/2015 08/13/2015 08/10/2011 General Collections
    Dewey Decimal Classification     Tribhuvan University Central Library Tribhuvan University Central Library 08/10/2011 1 336 D868g 69837 07/24/2016 07/15/2016 08/10/2011 General Collections